Сборник распорядительных документов по технике безопасности при обслуживании тепломеханического оборудования электростанций, тепловых сетей и объектов, подконтрольных Госгортехнадзору России

Bibliographische Detailangaben
Körperschaft: Единая энергетическая система России (ОАО РАО "ЕЭС России")
Sprache:Russisch
Veröffentlicht: Москва, ЭНАС, 1999
Schlagworte:
Format: Buch
KOHA link:https://koha.lib.tpu.ru/cgi-bin/koha/opac-detail.pl?biblionumber=27319

MARC

LEADER 00000nam0a2200000 4500
001 27319
005 20231030202129.0
010 |a 5931960147 
035 |a (RuTPU)RU\TPU\book\27568 
035 |a BOOK00027643 
090 |a 27319 
100 |a 20011209d1999 m a0rusy50 ca 
101 0 |a rus 
102 |a RU 
105 |a y l 000z  
200 1 |a Сборник распорядительных документов по технике безопасности при обслуживании тепломеханического оборудования электростанций, тепловых сетей и объектов, подконтрольных Госгортехнадзору России  |f РАО "ЕЭС России" 
210 |a Москва  |c ЭНАС  |d 1999 
215 |a 272 с. 
610 1 |a электрические станции 
610 1 |a тепловые сети 
610 1 |a тепломеханическое оборудование 
610 1 |a обслуживание 
610 1 |a безопасность 
610 1 |a распорядительные документы 
610 1 |a Госгортехнадзор 
610 1 |a Россия 
675 |a 621.311.2.002.5  |v 3 
675 |a 697.34  |v 3 
712 0 2 |a Единая энергетическая система России (ОАО РАО "ЕЭС России")  |c Российское открытое акционерное общество энергетики и электрификации  |c (Москва)  |2 stltpush  |3 (RuTPU)RU\TPU\col\26 
801 0 |a RU  |b 63413507  |c 20011209  |g PSBO 
801 2 |a RU  |b 63413507  |c 20120720  |g PSBO 
942 |c BK